00278nam a2200121Ia 4500008004100000041000900041082001800050100001900068245001700087260003600104300000800140650000800148230718s9999 xx 000 0 und d aEng. a346.42bQUI-C aQuinn & Elliat 0aContract law aPakistanbPearson Longmanc2007 a381 aLaw